LabVIEW 8 student edition / (Record no. 8286)

MARC details
000 -LEADER
fixed length control field 00815cac a22002535a 4500
005 - DATE AND TIME OF LATEST TRANSACTION
control field 20150816140042.0
008 - FIXED-LENGTH DATA ELEMENTS--GENERAL INFORMATION
fixed length control field 150813b2007 njua|||| |||| 001 0 eng d
010 ## - LIBRARY OF CONGRESS CONTROL NUMBER
LC control number 2006051380
020 ## - INTERNATIONAL STANDARD BOOK NUMBER
International Standard Book Number 0131999184
020 ## - INTERNATIONAL STANDARD BOOK NUMBER
International Standard Book Number 9780131999183
040 ## - CATALOGING SOURCE
Original cataloging agency EG-ScBUE
Language of cataloging eng
Transcribing agency EG-ScBUE
082 04 - DEWEY DECIMAL CLASSIFICATION NUMBER
Classification number 006
Item number BIS
Edition number 22
100 1# - MAIN ENTRY--PERSONAL NAME
Personal name Bishop, Robert H.,
9 (RLIN) 5424
245 10 - TITLE STATEMENT
Title LabVIEW 8 student edition /
Statement of responsibility, etc Robert H. Bishop.
260 ## - PUBLICATION, DISTRIBUTION, ETC. (IMPRINT)
Place of publication, distribution, etc Upper Saddle River :
Name of publisher, distributor, etc Pearson Prentice Hall.
Date of publication, distribution, etc c.2007.
300 ## - PHYSICAL DESCRIPTION
Extent xxiv, 619 p. :
Other physical details ill. ;
Dimensions 27 cm.
500 ## - GENERAL NOTE
General note Index : p. 611-619.
590 ## - LOCAL NOTE (RLIN)
Local note Doha Ragab
650 #0 - SUBJECT ADDED ENTRY--TOPICAL TERM
Topical term or geographic name as entry element Scientific apparatus and instruments
General subdivision Computer simulation
Form subdivision Textbooks.
Source of heading or term BUEsh
650 #0 - SUBJECT ADDED ENTRY--TOPICAL TERM
Topical term or geographic name as entry element Computer graphics
Form subdivision Textbooks.
Source of heading or term BUEsh
651 ## - SUBJECT ADDED ENTRY--GEOGRAPHIC NAME
Source of heading or term BUEsh
653 ## - INDEX TERM--UNCONTROLLED
Resource For college Informatics and Computer Science
Arrived date list August2015
942 ## - ADDED ENTRY ELEMENTS (KOHA)
Item type Book - Borrowing
Source of classification or shelving scheme Dewey Decimal Classification
Holdings
Withdrawn status Item status Source of classification or shelving scheme Damaged status Not for loan Home library Current library Shelving location Date acquired Source of acquisition Total Checkouts Total Renewals Full call number Barcode Date last seen Date last borrowed Koha item type Vendor Checked out
    Dewey Decimal Classification     Central Library Central Library Lower Floor 02/03/2008 Purchase 3 10 006 BIS 000009886 15/07/2025 19/04/2023 Book - Borrowing    
    Dewey Decimal Classification     Central Library Central Library Lower Floor 11/07/2011   1   006 BIS 000010328 11/07/2011 11/07/2011 CD | DVD - With book   18/12/2011